Statistics for management (For M.B.A. course, Anna Univ. Chennai & other Indian universities) (Record no. 34992)

MARC details
000 -LEADER
fixed length control field 00490nam a2200181Ia 4500
020 ## - INTERNATIONAL STANDARD BOOK NUMBER
ISBN 81-219-2285-2
050 ## - CALL MARK
Classification number HD 30.215 .A76/
100 ## - STATEMENT OF RESPONSIBILITY--MAIN AUTHOR NAME
Personal name Arora, P.N.
245 #0 - TITLE STATEMENT
Title Statistics for management (For M.B.A. course, Anna Univ. Chennai & other Indian universities)
260 ## - PUBLICATION, DISTRIBUTION, ETC. (IMPRINT)
Place of publication New Delhi
260 ## - PUBLICATION, DISTRIBUTION, ETC. (IMPRINT)
Name of publisher S.Change&Company LTD.
260 ## - PUBLICATION, DISTRIBUTION, ETC. (IMPRINT)
Year of publication 2003
300 ## - PHYSICAL DESCRIPTION
Number of Pages 648 p
650 ## - SUBJECT ADDED ENTRY--TOPICAL TERM
Topical Term Business
942 ## - ADDED ENTRY ELEMENTS (KOHA)
Koha item type Books
Holdings
Withdrawn status Lost status Source of classification or shelving scheme Damaged status Not for loan Permanent Location Current Location Shelving location Date acquired Accession Number Price effective from Koha item type
    Library of Congress Classification     NILE UNIVERSITY OF NIGERIA - MAIN LIBRARY NILE UNIVERSITY OF NIGERIA - MAIN LIBRARY Items on shelf 04/23/2025 0002819 04/23/2025 Books